| 000 | 00391pab a2200145 454500 | ||
|---|---|---|---|
| 008 | 180718b1993 xxu||||| |||| 00| 0 eng d | ||
| 100 | _aLeung, Edward M.F. | ||
| 245 | _aResidential care policy for elderly people in Hong Kong | ||
| 260 | _c1993 | ||
| 300 | _ap.3-31 | ||
| 362 | _aJun | ||
| 650 | _aOld age - Hong Kong | ||
| 773 | _aAsian Journal of Public Administration | ||
| 909 | _a28601 | ||
| 999 |
_c28601 _d28601 |
||